[Event "4NCL Division 1 & 2"]
[Site "Daventry, ENG"]
[Date "2022.05.02"]
[Round "9.94"]
[White "Henderson, David"]
[Black "Player, Edmund C"]
[Result "1/2-1/2"]
[WhiteElo "2142"]
[BlackElo "2196"]
[PlyCount "124"]
[EventDate "2022.05.02"]
[WhiteTeam "North East England"]
[BlackTeam "Anglian Avengers"]

1. c4 c5 2. g3 Nc6 3. Bg2 g6 4. Nc3 Bg7 5. Nf3 d6 6. O-O e6 7. e3 Nge7 8. Rb1
O-O 9. a3 Na5 10. d3 d5 11. cxd5 Nxd5 12. Nxd5 Qxd5 13. b4 Nc6 14. bxc5 Qxc5
15. d4 Qd6 16. Qa4 Rb8 17. Nd2 Qc7 18. Bb2 Bd7 19. Rfc1 Rfc8 20. Qd1 b6 21. Qf3
Qd8 22. Ne4 Qe7 23. h4 Na5 24. Qf4 Nb3 25. Rc3 e5 26. dxe5 Rxc3 27. Bxc3 Be6
28. Bb4 Qd8 29. Bf3 Rc8 30. Ng5 Nd2 31. Bxd2 Qxd2 32. Nxe6 fxe6 33. Bg4 Rc1+
34. Rxc1 Qxc1+ 35. Kh2 Qc6 36. Qd4 h5 37. Bh3 Kh7 38. f4 Bf8 39. Bg2 Qe8 40. a4
Bc5 41. Qe4 Qd7 42. Qb7 Qxb7 43. Bxb7 Kg7 44. e4 Kf7 45. Ba6 Be3 46. Kg2 Bd2
47. Kf2 Ke7 48. Bc4 Bc3 49. g4 Bd2 50. Kf3 Be1 51. gxh5 gxh5 52. f5 Bc3 53.
Bxe6 Bxe5 54. Bg8 Kf6 55. Bh7 Bc3 56. Bg6 Be1 57. Kf4 Bd2+ 58. Kg3 Be1+ 59. Kh3
Ke5 60. Bxh5 Kxe4 61. f6 Kf5 62. f7 Bb4 1/2-1/2

[Event "4NCL Division 1 & 2"]
[Site "Daventry, ENG"]
[Date "2022.05.02"]
[Round "9.95"]
[White "Scott, Gordon W"]
[Black "Dargan, Paul A G"]
[Result "0-1"]
[WhiteElo "2224"]
[BlackElo "2100"]
[PlyCount "72"]
[EventDate "2022.05.02"]
[WhiteTeam "Anglian Avengers"]
[BlackTeam "North East England"]

1. d4 Nf6 2. c4 e6 3. Nc3 Bb4 4. e3 d5 5. cxd5 exd5 6. Nge2 O-O 7. a3 Bd6 8.
Ng3 Re8 9. Bd3 c5 10. dxc5 Bxc5 11. O-O Nc6 12. b4 Bd6 13. Bb2 Ne5 14. Bb5 Bg4
15. f3 Bd7 16. Bxd7 Nexd7 17. Nxd5 Be5 18. Nxf6+ Qxf6 19. Bxe5 Nxe5 20. Qb3
Rad8 21. Rad1 b5 22. Ne4 Qh6 23. Nc5 Nc4 24. e4 Nd2 25. Qc3 Nxf1 26. Rxf1 Qd2
27. Rc1 h6 28. Nb3 Qf4 29. Re1 Rc8 30. Qd3 Red8 31. Qxb5 Rc2 32. e5 Rb2 33. Nc5
Rdd2 34. Qf1 Qg5 35. g4 Qh4 36. h3 Qg3+ 0-1

[Event "4NCL Division 1 & 2"]
[Site "Daventry, ENG"]
[Date "2022.05.02"]
[Round "9.96"]
[White "Dunn, Andrew"]
[Black "Talsma, Paul"]
[Result "0-1"]
[WhiteElo "2165"]
[BlackElo "2179"]
[PlyCount "102"]
[EventDate "2022.05.02"]
[WhiteTeam "North East England"]
[BlackTeam "Anglian Avengers"]

1. Nf3 Nf6 2. c4 g6 3. Nc3 Bg7 4. d4 d5 5. Qb3 dxc4 6. Qxc4 O-O 7. e4 Nc6 8. h3
Nd7 9. d5 Nce5 10. Nxe5 Nxe5 11. Qb3 c6 12. Be3 cxd5 13. Nxd5 e6 14. Nf4 Nc6
15. Bd3 Qa5+ 16. Bd2 Qe5 17. Ne2 Qxb2 18. Qxb2 Bxb2 19. Rb1 Bf6 20. f4 b6 21.
e5 Bh4+ 22. g3 Be7 23. Be4 Bb7 24. O-O Rfd8 25. Be3 Na5 26. Bxb7 Nxb7 27. Rfd1
Rxd1+ 28. Rxd1 Rd8 29. Rxd8+ Nxd8 30. Nc3 Nc6 31. Kf1 Kf8 32. Ke2 Ke8 33. Kd3
Kd7 34. Kc4 Kc7 35. a4 a6 36. Ne4 Na5+ 37. Kd3 Kc6 38. g4 Nb7 39. f5 gxf5 40.
gxf5 exf5 41. Ng3 f4 42. Bxf4 Nc5+ 43. Kd4 Nxa4 44. Nf5 Bc5+ 45. Kd3 Kd5 46.
Nh6 Ke6 47. Ng4 Be7 48. Ne3 b5 49. Nc2 Bc5 50. Ne1 Kf5 51. Bg3 Nb6 0-1

[Event "4NCL Division 1 & 2"]
[Site "Daventry, ENG"]
[Date "2022.05.02"]
[Round "9.97"]
[White "Myall, Ivan J"]
[Black "Gazis, Georgios"]
[Result "1/2-1/2"]
[WhiteElo "2053"]
[BlackElo "1830"]
[PlyCount "94"]
[EventDate "2022.05.02"]
[WhiteTeam "Anglian Avengers"]
[BlackTeam "North East England"]

1. d4 Nf6 2. Bf4 d5 3. e3 c5 4. c3 e6 5. Nd2 Bd6 6. Bg3 Qc7 7. Ngf3 b6 8. Ne5
Bb7 9. Bd3 Nc6 10. f4 Ne7 11. Bh4 Ne4 12. Bxe7 Qxe7 13. Bb5+ Kf8 14. O-O g6 15.
Nxe4 dxe4 16. Bc4 Bd5 17. Qb3 Qb7 18. Bxd5 Qxd5 19. c4 Qb7 20. d5 Qe7 21. Ng4
f5 22. Qc3 Qg7 23. Nf6 exd5 24. Nxd5 Qxc3 25. Nxc3 Rd8 26. Rad1 Ke7 27. Rd5 Bb8
28. Rfd1 Rxd5 29. Rxd5 Rd8 30. Rxd8 Kxd8 31. g4 Kd7 32. gxf5 gxf5 33. Nd5 Ke6
34. Kg2 Bd6 35. Kh3 Kf7 36. a4 Bf8 37. b3 Bd6 38. Nc3 Kf6 39. Nb5 Bb8 40. Kh4
Kg6 41. h3 Kh6 42. Kg3 Kh5 43. Nc3 Kg6 44. Kh4 Bd6 45. Nd5 Bf8 46. Kg3 Bd6 47.
Kg2 Kh5 1/2-1/2

[Event "4NCL Division 1 & 2"]
[Site "Daventry, ENG"]
[Date "2022.05.02"]
[Round "9.98"]
[White "Lampard, Alice"]
[Black "Pert, Nina"]
[Result "0-1"]
[WhiteElo "1915"]
[BlackElo "1835"]
[PlyCount "62"]
[EventDate "2022.05.02"]
[WhiteTeam "North East England"]
[BlackTeam "Anglian Avengers"]

1. d4 d5 2. c4 e6 3. Nc3 c5 4. cxd5 cxd4 5. Qa4+ Bd7 6. Qxd4 exd5 7. Qxd5 Nc6
8. Nf3 Nf6 9. Qd1 Bc5 10. e3 Qe7 11. Be2 O-O-O 12. O-O Kb8 13. a3 g5 14. b4 g4
15. bxc5 gxf3 16. Bxf3 Ne5 17. Qe2 Be6 18. Bxb7 Bc4 19. Qc2 Kxb7 20. Rd1 Rxd1+
21. Nxd1 Bd5 22. Nc3 Bc6 23. Ne2 Rg8 24. Ng3 h5 25. e4 Qc7 26. Qb3+ Ka8 27. f3
h4 28. Nf5 Nxf3+ 29. Qxf3 Bxe4 30. Qc3 Rxg2+ 31. Kf1 Qxh2 0-1

[Event "4NCL Division 1 & 2"]
[Site "Daventry, ENG"]
[Date "2022.05.02"]
[Round "9.101"]
[White "Kosten, Anthony C."]
[Black "Purton, Ben J"]
[Result "1-0"]
[WhiteElo "2371"]
[BlackElo "2195"]
[PlyCount "49"]
[EventDate "2022.05.02"]
[WhiteTeam "The ADs"]
[BlackTeam "The Sharks 2"]

1. c4 Nf6 2. Nc3 c5 3. g3 d5 4. cxd5 Nxd5 5. Bg2 Nc7 6. Nf3 Nc6 7. O-O e5 8. d3
Be7 9. Nd2 O-O 10. Bxc6 bxc6 11. Nc4 f6 12. b3 Nb5 13. Bb2 Be6 14. Rc1 Nd4 15.
Na4 Rb8 16. Ba3 Rb5 17. Nd2 Qa5 18. Rc3 Bf7 19. Ne4 Rfb8 20. Bxc5 f5 21. Bxe7
fxe4 22. dxe4 R5b7 23. Bc5 Nxb3 24. Bd6 Rd8 25. axb3 1-0

[Event "4NCL Division 1 & 2"]
[Site "Daventry, ENG"]
[Date "2022.05.02"]
[Round "9.102"]
[White "Varnam, Liam D"]
[Black "Richardson, John R"]
[Result "0-1"]
[WhiteElo "2204"]
[BlackElo "2278"]
[PlyCount "140"]
[EventDate "2022.05.02"]
[WhiteTeam "The Sharks 2"]
[BlackTeam "The ADs"]

1. e4 c6 2. d4 d5 3. exd5 cxd5 4. Bd3 Nc6 5. c3 Qc7 6. Ne2 Bg4 7. f3 Bd7 8. Bf4
e5 9. dxe5 Nxe5 10. O-O Bd6 11. Kh1 Ne7 12. Nd4 a6 13. Qc2 N7g6 14. Bg3 Nxd3
15. Bxd6 Qxd6 16. Qxd3 O-O 17. Na3 Ne5 18. Qd2 Rfe8 19. Rad1 Rad8 20. Nac2 Nc4
21. Qc1 Re5 22. g3 Rh5 23. Kg1 Qg6 24. Ne2 Qb6+ 25. Rd4 Nxb2 26. Nf4 Re5 27.
Nb4 Nc4 28. Nbxd5 Qa7 29. Kh1 b5 30. Rfd1 Rde8 31. Nb4 Nb6 32. Qa3 Qb7 33. R1d3
Bf5 34. Qxa6 Qxa6 35. Nxa6 Bxd3 36. Nxd3 Re2 37. Nc7 Rc8 38. a3 Rd2 39. Nxb5 g6
40. Kg1 Re8 41. Nf2 Re1+ 42. Kg2 Ra2 43. Re4 Rc1 44. Nd4 Rxc3 45. Re2 Rxe2 46.
Nxe2 Rxa3 47. Nh3 Nc4 48. Nhg1 g5 49. h4 h6 50. hxg5 hxg5 51. g4 Ne3+ 52. Kf2
Nd5 53. Kg3 f6 54. Nh3 Kf7 55. Nd4 Ra4 56. Nf5 Ke6 57. Nf2 Nf4 58. Ne3 Ra3 59.
Nfd1 Rd3 60. Kf2 Ke5 61. Ke1 Nh3 62. Ke2 Rb3 63. Ng2 Ng1+ 64. Kf2 Nxf3 65. Nde3
Nd2 66. Ke2 Rb2 67. Kd3 Ra2 68. Nc2 Nf1 69. Nce1 Rd2+ 70. Kc3 Ke4 0-1

[Event "4NCL Division 1 & 2"]
[Site "Daventry, ENG"]
[Date "2022.05.02"]
[Round "9.103"]
[White "Swindells, Jonathan E"]
[Black "Lentzos, Ioanis"]
[Result "1-0"]
[WhiteElo "2232"]
[BlackElo "2152"]
[PlyCount "87"]
[EventDate "2022.05.02"]
[WhiteTeam "The ADs"]
[BlackTeam "The Sharks 2"]

1. e4 c5 2. Be2 Nc6 3. f4 d5 4. d3 g6 5. Nf3 Nf6 6. Ne5 Nd4 7. c3 Nxe2 8. Qxe2
Bg7 9. O-O O-O 10. Nd2 b6 11. a4 Bb7 12. a5 Qc8 13. Re1 Rd8 14. Ndf3 h6 15.
Nxf7 Kxf7 16. Ne5+ Ke8 17. exd5 Nxd5 18. Nxg6 Rd7 19. c4 Qc6 20. a6 Bd4+ 21.
Kh1 Nc3 22. bxc3 Qxg2+ 23. Qxg2 Bxg2+ 24. Kxg2 Bxc3 25. Be3 Bxa1 26. Rxa1 Rxd3
27. Kf3 Rad8 28. Ne5 Rd1 29. Ra2 R8d6 30. Ke4 Rf6 31. Bf2 e6 32. Bh4 Rd4+ 33.
Ke3 Rfxf4 34. Bg3 Rf1 35. Nc6 Rd7 36. Bb8 Re1+ 37. Kf2 Re4 38. Nxa7 Rf7+ 39.
Kg2 e5 40. Nb5 Rg7+ 41. Kf3 Rf4+ 42. Ke3 Rf1 43. a7 Re1+ 44. Kf2 1-0

[Event "4NCL Division 1 & 2"]
[Site "Daventry, ENG"]
[Date "2022.05.02"]
[Round "9.104"]
[White "Bremner, Adam"]
[Black "Baker, Chris W"]
[Result "1/2-1/2"]
[WhiteElo "2180"]
[BlackElo "2272"]
[PlyCount "116"]
[EventDate "2022.05.02"]
[WhiteTeam "The Sharks 2"]
[BlackTeam "The ADs"]

1. d4 Nf6 2. Bf4 d5 3. e3 Bf5 4. c4 c6 5. Qb3 Qb6 6. c5 Qxb3 7. axb3 Nbd7 8. b4
a6 9. b5 cxb5 10. Bxb5 Bxb1 11. Bxd7+ Kxd7 12. Rxb1 Nh5 13. Ne2 f6 14. Nc3 Kc6
15. b4 e5 16. Bg3 Be7 17. Kd2 Rhe8 18. dxe5 Nxg3 19. hxg3 fxe5 20. Rxh7 a5 21.
Rxg7 axb4 22. Rxb4 Bxc5 23. Rbxb7 Bb6 24. Rbe7 Rxe7 25. Rxe7 Ra3 26. Kc2 Ba5
27. Nd1 Be1 28. Rxe5 Bxf2 29. Nxf2 Ra2+ 30. Kd3 Rxf2 31. e4 dxe4+ 32. Kxe4 Kd6
33. Rf5 Rxg2 34. Kf3 Rg1 35. Kg4 Ke6 36. Rf2 Ke7 37. Kh4 Rh1+ 38. Kg5 Rh8 39.
g4 Rg8+ 40. Kh4 Rh8+ 41. Kg3 Rg8 42. Rf1 Ke6 43. Rf2 Ke7 44. Rf5 Ke6 45. Kf4
Ra8 46. Kg5 Rg8+ 47. Kh4 Rh8+ 48. Rh5 Rg8 49. Rh7 Kf6 50. Rh6+ Kg7 51. Kh5 Ra8
52. Rb6 Ra5+ 53. g5 Ra7 54. Rb5 Rc7 55. g6 Ra7 56. Rf5 Rb7 57. Rf7+ Rxf7 58.
gxf7 Kxf7 1/2-1/2

[Event "4NCL Division 1 & 2"]
[Site "Daventry, ENG"]
[Date "2022.05.02"]
[Round "9.105"]
[White "Duggan, John E"]
[Black "Milson, Samuel A"]
[Result "0-1"]
[WhiteElo "2167"]
[BlackElo "2152"]
[PlyCount "92"]
[EventDate "2022.05.02"]
[WhiteTeam "The ADs"]
[BlackTeam "The Sharks 2"]

1. d4 d5 2. Nf3 c6 3. e3 Bf5 4. Be2 e6 5. O-O Nd7 6. c4 Ngf6 7. b3 Be7 8. Ba3
O-O 9. Bxe7 Qxe7 10. Nbd2 h6 11. Re1 Rad8 12. Qc1 Ne4 13. Bd3 Nxd2 14. Qxd2
Bxd3 15. Qxd3 e5 16. Nxe5 Nxe5 17. dxe5 dxc4 18. Qxc4 Qxe5 19. Rad1 Qb2 20. a4
Rd2 21. Rb1 Qf6 22. Re2 Rfd8 23. Rbe1 Qb2 24. f3 Rxe2 25. Rxe2 Rd2 26. Rxd2
Qxd2 27. e4 Qe1+ 28. Qf1 Qe3+ 29. Qf2 Qxb3 30. Qxa7 Qb4 31. Kf2 Kh7 32. a5 Qb5
33. Ke3 g5 34. Kd4 Qb2+ 35. Kc4 Qc2+ 36. Kb4 Qxg2 37. Qb6 Qxh2 38. Kc4 Qc2+ 39.
Kd4 Qf2+ 40. Ke5 Qxb6 41. axb6 h5 42. Kd6 h4 43. Kc7 h3 44. Kxb7 h2 45. Kxc6
h1=Q 46. b7 Qh2 0-1

[Event "4NCL Division 1 & 2"]
[Site "Daventry, ENG"]
[Date "2022.05.02"]
[Round "9.106"]
[White "Foisor, Mihaela-Veronica"]
[Black "Wafa, Shrook"]
[Result "1/2-1/2"]
[WhiteElo "2200"]
[BlackElo "2131"]
[PlyCount "81"]
[EventDate "2022.05.02"]
[WhiteTeam "The Sharks 2"]
[BlackTeam "The ADs"]

1. c4 e5 2. g3 Nf6 3. Bg2 d5 4. cxd5 Nxd5 5. Nc3 Be6 6. Nf3 Nc6 7. d3 Bc5 8.
O-O f6 9. Ne4 Bb6 10. Bd2 Qd7 11. a4 a5 12. Rc1 O-O 13. Nc5 Bxc5 14. Rxc5 b6
15. Rc1 Nd4 16. e3 Nxf3+ 17. Bxf3 c5 18. Bc3 Rad8 19. d4 exd4 20. exd4 Nxc3 21.
bxc3 cxd4 22. cxd4 Qxd4 23. Qxd4 Rxd4 24. Rc6 Bg4 25. Bxg4 Rxg4 26. f4 Rd8 27.
Rxb6 Rd4 28. Ra6 Rxa4 29. Kg2 h5 30. Kf3 f5 31. Re1 h4 32. Re5 hxg3 33. hxg3
Ra3+ 34. Kf2 Rgxg3 35. Rxf5 Rh3 36. Kg2 Rhg3+ 37. Kf2 Rg4 38. Raxa5 Rxf4+ 39.
Rxf4 Rxa5 40. Kg3 Kh7 41. Kg4 1/2-1/2

[Event "4NCL Division 1 & 2"]
[Site "Daventry, ENG"]
[Date "2022.05.02"]
[Round "9.107"]
[White "Snape, Ian L"]
[Black "Birtwistle, Nigel"]
[Result "0-1"]
[WhiteElo "2211"]
[BlackElo "2194"]
[PlyCount "76"]
[EventDate "2022.05.02"]
[WhiteTeam "The ADs"]
[BlackTeam "The Sharks 2"]

1. e4 c5 2. Nf3 g6 3. d4 cxd4 4. Qxd4 Nf6 5. e5 Nc6 6. Qa4 Nd5 7. Qe4 Nb6 8.
Nc3 Bg7 9. Bf4 O-O 10. Qe3 d5 11. O-O-O Bg4 12. h3 Bxf3 13. gxf3 d4 14. Qe1 Nd5
15. Nxd5 Qxd5 16. Qe4 Qxa2 17. b3 Rac8 18. Kd2 Qa5+ 19. Kc1 Nxe5 20. Bxe5 Bxe5
21. Bd3 Bf6 22. h4 Rc5 23. f4 Qc3 24. Qe1 Qxb3 25. Kd2 Qc3+ 26. Ke2 Qxe1+ 27.
Rdxe1 Rh5 28. Ra1 a5 29. f5 b6 30. Rhb1 Rb8 31. Rxa5 Rxh4 32. Rab5 Rh2 33. fxg6
hxg6 34. Kf3 Kg7 35. Kg3 Rbh8 36. f3 e6 37. f4 R8h3+ 38. Kg4 Re3 0-1

[Event "4NCL Division 1 & 2"]
[Site "Daventry, ENG"]
[Date "2022.05.02"]
[Round "9.108"]
[White "Murphy, Hugh W"]
[Black "Hylands, Liam M"]
[Result "1/2-1/2"]
[WhiteElo "2177"]
[BlackElo "2004"]
[PlyCount "144"]
[EventDate "2022.05.02"]
[WhiteTeam "The Sharks 2"]
[BlackTeam "The ADs"]

1. e4 c5 2. Nf3 e6 3. b4 cxb4 4. d4 Nf6 5. Bd3 d5 6. e5 Ne4 7. O-O Nc6 8. Nbd2
Nxd2 9. Qxd2 Be7 10. Qf4 O-O 11. Qg4 f5 12. exf6 Bxf6 13. Bg5 e5 14. Qh5 e4 15.
Bxf6 gxf6 16. Be2 exf3 17. Bxf3 Be6 18. Rfe1 Bf7 19. Qh4 Qd6 20. Re3 Rae8 21.
Be2 Rxe3 22. fxe3 Bg6 23. Rf1 Qe6 24. Rf3 Ne7 25. Qf4 Be4 26. Rg3+ Kh8 27. Bg4
f5 28. Bh5 Rg8 29. h4 Rxg3 30. Qxg3 Qg8 31. Qe5+ Qg7 32. Qb8+ Ng8 33. g3 h6 34.
Kf2 a5 35. Qd8 a4 36. Bd1 Kh7 37. Qa5 Nf6 38. Qxb4 Qd7 39. c3 Ng4+ 40. Ke2 b5
41. Kd2 Bg2 42. Qc5 Qe8 43. Qc7+ Kg6 44. Qf4 Nf6 45. h5+ Kg7 46. Qxf5 Be4 47.
Qf4 Bb1 48. g4 Ne4+ 49. Kc1 Bxa2 50. Kb2 Bc4 51. Qc7+ Qf7 52. Qe5+ Kh7 53. Bc2
Qf2 54. Qe7+ Kg8 55. Qe6+ Kf8 56. Qxh6+ Ke7 57. Qg7+ Kd6 58. Qe5+ Kd7 59. Qb8
a3+ 60. Kxa3 Qxc2 61. Qb7+ Ke6 62. Qc8+ Kf7 63. Qd7+ Kf8 64. Qd8+ Kg7 65. h6+
Kxh6 66. Qh8+ Kg6 67. Qg8+ Kf6 68. Qh8+ Kf7 69. Qh7+ Ke6 70. Qg8+ Kd7 71. Qf7+
Kc6 72. Qe8+ Kd6 1/2-1/2

[Event "4NCL Division 1 & 2"]
[Site "Daventry, ENG"]
[Date "2022.05.02"]
[Round "9.111"]
[White "Macklin, Paul"]
[Black "Jones, Steven A"]
[Result "1-0"]
[WhiteElo "2359"]
[BlackElo "2246"]
[PlyCount "91"]
[EventDate "2022.05.02"]
[WhiteTeam "Manchester Manticores 1"]
[BlackTeam "West is Best 1"]

1. e4 c5 2. Nf3 Nc6 3. Bb5 g6 4. Bxc6 bxc6 5. O-O Bg7 6. Re1 Nh6 7. c3 O-O 8.
h3 f5 9. e5 Nf7 10. d4 cxd4 11. cxd4 Rb8 12. Na3 h6 13. Nc4 g5 14. b3 d5 15. e6
dxc4 16. exf7+ Rxf7 17. Ne5 Bxe5 18. Rxe5 f4 19. bxc4 Rf5 20. Qd3 Qf8 21. Ba3
Rxe5 22. dxe5 Bf5 23. Qd4 Rb7 24. Re1 f3 25. e6 fxg2 26. Bb2 Rxb2 27. Qxb2 Bxh3
28. Qe5 Qd8 29. Qe4 Kg7 30. Qf3 g4 31. Qf7+ Kh8 32. Qg6 Qf8 33. Re5 Qg7 34.
Qxg7+ Kxg7 35. Rc5 Kf6 36. Rxc6 h5 37. Ra6 h4 38. c5 g3 39. fxg3 hxg3 40. Rxa7
Kxe6 41. a4 Kd5 42. Rc7 Kc4 43. a5 Kb5 44. Rb7+ Kc6 45. a6 Bc8 46. Rb8 1-0

[Event "4NCL Division 1 & 2"]
[Site "Daventry, ENG"]
[Date "2022.05.02"]
[Round "9.112"]
[White "Cooper, John G"]
[Black "Bin-Suhayl, Ieysaa"]
[Result "0-1"]
[WhiteElo "2241"]
[BlackElo "2309"]
[PlyCount "78"]
[EventDate "2022.05.02"]
[WhiteTeam "West is Best 1"]
[BlackTeam "Manchester Manticores 1"]

1. Nf3 d5 2. g3 Nf6 3. Bg2 e6 4. O-O Be7 5. c4 O-O 6. b3 d4 7. e3 c5 8. exd4
cxd4 9. Bb2 Nc6 10. Re1 Re8 11. d3 Bf8 12. Ba3 Bxa3 13. Nxa3 e5 14. b4 Nd7 15.
b5 Nb4 16. Nc2 Nxc2 17. Qxc2 a6 18. Rab1 Re6 19. a4 Qc7 20. Ng5 Rg6 21. Ne4 f5
22. Nd2 axb5 23. Rxb5 Rb6 24. Rxb6 Qxb6 25. c5 Qxc5 26. Qb3+ Kf8 27. Nc4 Ra7
28. a5 g6 29. h4 Kg7 30. Re2 Kh6 31. Qb1 e4 32. dxe4 Kg7 33. Qd3 b5 34. axb6
Ra1+ 35. Kh2 Ba6 36. Rc2 Ra4 37. Qb3 Rxc4 38. Ra2 Rb4 39. Qe6 Nf8 0-1

[Event "4NCL Division 1 & 2"]
[Site "Daventry, ENG"]
[Date "2022.05.02"]
[Round "9.113"]
[White "Mulleady, Peter J"]
[Black "Blackburn, Jonathan L B"]
[Result "0-1"]
[WhiteElo "1985"]
[BlackElo "2215"]
[PlyCount "108"]
[EventDate "2022.05.02"]
[WhiteTeam "Manchester Manticores 1"]
[BlackTeam "West is Best 1"]

1. e4 e6 2. d4 d5 3. e5 c5 4. c3 Nc6 5. Nf3 Bd7 6. Be2 Nge7 7. Na3 cxd4 8. cxd4
Nf5 9. Nc2 Qb6 10. O-O Na5 11. b3 Bb5 12. Bxb5+ Qxb5 13. Ne3 Nxe3 14. Bxe3 Nc6
15. Ne1 Bb4 16. Qg4 g6 17. Rd1 h6 18. Nd3 Ne7 19. Nxb4 Qxb4 20. Qf4 g5 21. Qf6
Rh7 22. Rc1 Kd7 23. Rc2 Rg8 24. Qf3 Nc6 25. Rd1 Rg6 26. Qe2 f5 27. exf6 Rxf6
28. Qd3 Rhf7 29. Rdc1 Qb6 30. Qd2 Rf5 31. Rc5 a6 32. Qc3 Re7 33. a3 Ke8 34. b4
Kf7 35. Qc2 Kg7 36. Qd1 Rd7 37. Qh5 Rf6 38. h4 gxh4 39. Qxh4 Qd8 40. Qh3 Qe8
41. b5 axb5 42. Rxb5 Qg6 43. a4 h5 44. a5 Qe4 45. Re1 Kg8 46. Rbb1 Nxd4 47.
Bxd4 Qxd4 48. Rxe6 Qxf2+ 49. Kh1 Rxe6 50. Qxe6+ Qf7 51. Qe5 Re7 52. Qg5+ Kh7
53. Rb6 Re1+ 54. Kh2 Qc7+ 0-1

[Event "4NCL Division 1 & 2"]
[Site "Daventry, ENG"]
[Date "2022.05.02"]
[Round "9.114"]
[White "Kett, Tim"]
[Black "Newton, Robert A"]
[Result "1-0"]
[WhiteElo "2168"]
[BlackElo "1992"]
[PlyCount "63"]
[EventDate "2022.05.02"]
[WhiteTeam "West is Best 1"]
[BlackTeam "Manchester Manticores 1"]

1. e4 c5 2. Nf3 d6
3. d4 cxd4 4. Nxd4 Nf6 5. Nc3 g6 6. Be3 Bg7 7. f3 O-O 8. Qd2 Nc6 9. Bc4 Bd7 10.
O-O-O Rc8 11. Bb3 Ne5 12. Kb1 Nc4 13. Bxc4 Rxc4 14. g4 Qb8 15. b3 Rcc8 16. Nde2
b5 17. g5 b4 18. gxf6 bxc3 19. Nxc3 exf6 20. Nd5 Rfe8 21. Bd4 Re6 22. h4 Bc6
23. h5 Bxd5 24. exd5 Re7 25. h6 Bf8 26. Bxf6 Rec7 27. Rc1 Qb6 28. Bd4 Qb5 29.
Bb2 Qc5 30. c4 a5 31. Qc3 f6 32. Qxf6 1-0

[Event "4NCL Division 1 & 2"]
[Site "Daventry, ENG"]
[Date "2022.05.02"]
[Round "9.115"]
[White "Kay, Lee P"]
[Black "Zeidler, Sven P."]
[Result "0-1"]
[WhiteElo "1978"]
[BlackElo "2157"]
[PlyCount "50"]
[EventDate "2022.05.02"]
[WhiteTeam "Manchester Manticores 1"]
[BlackTeam "West is Best 1"]

1. d4 f5 2. e4 fxe4 3. Nc3 Nf6 4. Bg5 c6 5. f3 e3 6. Bxe3 d5 7. Bd3 Nbd7 8. g4
e5 9. g5 exd4 10. Bxd4 Nh5 11. Qd2 Bd6 12. O-O-O O-O 13. Nge2 Ne5 14. Bxe5 Bxe5
15. h4 Ng3 16. Rhg1 Rxf3 17. Kb1 Qb6 18. Nxg3 Bxg3 19. Ne4 Be5 20. c3 dxe4 21.
Bc4+ Kf8 22. g6 hxg6 23. Rxg6 e3 24. Qg2 Rf2 25. Rf1 Qxb2# 0-1

[Event "4NCL Division 1 & 2"]
[Site "Daventry, ENG"]
[Date "2022.05.02"]
[Round "9.116"]
[White "Macfarlane, Donald"]
[Black "Lyth, John D"]
[Result "1-0"]
[WhiteElo "2200"]
[BlackElo "1924"]
[PlyCount "91"]
[EventDate "2022.05.02"]
[WhiteTeam "West is Best 1"]
[BlackTeam "Manchester Manticores 1"]

1. c4 e5 2. Nc3 Nf6 3. Nf3 Nc6 4. e3 Be7 5. d4 exd4 6. Nxd4 Nxd4 7. Qxd4 O-O 8.
g3 d6 9. Bg2 c6 10. O-O Qa5 11. b3 Qh5 12. h4 Bg4 13. Bb2 Bf3 14. e4 Rfd8 15.
Rfe1 Bxg2 16. Kxg2 Ne8 17. Rad1 Bf6 18. Qe3 Nc7 19. Rd2 Qg4 20. Kh2 Be5 21. f4
Bf6 22. Red1 Qe6 23. Na4 Bxb2 24. Rxb2 f5 25. Re2 Re8 26. e5 d5 27. Qd3 b6 28.
Red2 dxc4 29. bxc4 Re7 30. Qe2 Ne8 31. Nc3 g6 32. Qd3 a6 33. a4 b5 34. axb5
axb5 35. cxb5 Ra3 36. bxc6 Nc7 37. Qd8+ Re8 38. Qxc7 Rxc3 39. Rd8 Rxc6 40.
Rxe8+ Qxe8 41. Qb7 g5 42. Ra1 Rc2+ 43. Kg1 Rc8 44. Ra7 Rc1+ 45. Kf2 Rc2+ 46.
Ke1 1-0

[Event "4NCL Division 1 & 2"]
[Site "Daventry, ENG"]
[Date "2022.05.02"]
[Round "9.117"]
[White "Whitehead, Mark A"]
[Black "Bullen, Alex"]
[Result "0-1"]
[WhiteElo "1926"]
[BlackElo "2079"]
[PlyCount "74"]
[EventDate "2022.05.02"]
[WhiteTeam "Manchester Manticores 1"]
[BlackTeam "West is Best 1"]

1. e4 c6 2. d4 d5 3. Nd2 dxe4 4. Nxe4 Nf6 5. Nxf6+ exf6 6. c3 Bd6 7. Bd3 O-O 8.
Qc2 Re8+ 9. Ne2 h5 10. Be3 Nd7 11. O-O-O Nf8 12. Kb1 Be6 13. Nf4 Bxf4 14. Bxf4
Qa5 15. b3 Qb6 16. Be3 Qc7 17. h3 a5 18. Rdg1 a4 19. b4 Qd7 20. Qe2 Bf5 21. g4
Bxd3+ 22. Qxd3 h4 23. g5 f5 24. f3 Ng6 25. Re1 Re7 26. Qc2 b5 27. Qf2 f4 28.
Bd2 Qf5+ 29. Kc1 Rae8 30. Qg2 Qd3 31. Rxe7 Rxe7 32. Re1 Rxe1+ 33. Bxe1 Ne7 34.
Kb2 Nd5 35. Qf2 Ne3 36. Kc1 Qd1+ 37. Kb2 Nc4# 0-1

[Event "4NCL Division 1 & 2"]
[Site "Daventry, ENG"]
[Date "2022.05.02"]
[Round "9.121"]
[White "Onslow, Alfie"]
[Black "Pitcher, John"]
[Result "0-1"]
[WhiteElo "2265"]
[BlackElo "2288"]
[PlyCount "84"]
[EventDate "2022.05.02"]
[WhiteTeam "Check Inn"]
[BlackTeam "Warwickshire Select 1"]

1. e4 c5 2. Nf3 e6 3. d4 cxd4 4. Nxd4 Nc6 5. Nc3 Qc7 6. Be3 a6 7. Qf3 Nf6 8.
O-O-O Ne5 9. Qg3 b5 10. f4 Neg4 11. Bd2 b4 12. Na4 h5 13. Bd3 Bb7 14. h3 Nh6
15. Bxb4 Bxb4 16. e5 Nd5 17. Be4 g6 18. Kb1 Nb6 19. Qb3 Bxe4 20. Qxb4 Nxa4 21.
Qxa4 O-O 22. Rhg1 h4 23. Qb4 Nf5 24. Rd2 Rab8 25. Qa4 Qb6 26. b3 Qb4 27. Qxb4
Rxb4 28. Nxf5 Bxf5 29. Rf1 Rc8 30. Rff2 Rb7 31. Kb2 Kf8 32. Rd4 Ke7 33. c4 Rc6
34. Rfd2 a5 35. Ka3 Rcb6 36. Ka4 Ra7 37. c5 Rbb7 38. Rc4 Ra8 39. a3 Rab8 40.
Rb2 Bd3 41. Rd4 Bb5+ 42. Kxa5 Bc6 0-1

[Event "4NCL Division 1 & 2"]
[Site "Daventry, ENG"]
[Date "2022.05.02"]
[Round "9.122"]
[White "Mason, Donald J"]
[Black "Ogunshola, Ben"]
[Result "1/2-1/2"]
[WhiteElo "2152"]
[BlackElo "2236"]
[PlyCount "53"]
[EventDate "2022.05.02"]
[WhiteTeam "Warwickshire Select 1"]
[BlackTeam "Check Inn"]

1. e4 c5 2. Nf3 d6 3. d4 cxd4 4. Nxd4 Nf6 5. Nc3 g6 6. Be3 Bg7 7. Be2 Nc6 8.
Qd2 O-O 9. O-O-O Nxd4 10. Bxd4 Be6 11. Kb1 Qa5 12. Bf3 Rfc8 13. Nd5 Qxd2 14.
Rxd2 Bxd5 15. exd5 Nd7 16. Re1 Be5 17. b3 Kf8 18. g3 Rc7 19. Be2 Rd8 20. Bxe5
Nxe5 21. f4 Nd7 22. c4 Nf6 23. g4 Ne4 24. Rd4 Nc3+ 25. Kb2 Nxe2 26. Rxe2 Rc5
27. a4 1/2-1/2

[Event "4NCL Division 1 & 2"]
[Site "Daventry, ENG"]
[Date "2022.05.02"]
[Round "9.123"]
[White "Hackett, Dave G"]
[Black "Shephard, Chris C W"]
[Result "1/2-1/2"]
[WhiteElo "2086"]
[BlackElo "2203"]
[PlyCount "54"]
[EventDate "2022.05.02"]
[WhiteTeam "Check Inn"]
[BlackTeam "Warwickshire Select 1"]

1. e4 d6 2. d4 Nf6 3. Nc3 e5 4. dxe5 dxe5 5. Qxd8+ Kxd8 6. Nf3 Bd6 7. Bg5 Be6
8. O-O-O Nbd7 9. Bb5 Kc8 10. Bxf6 gxf6 11. Bxd7+ Kxd7 12. Nd5 Bxd5 13. Rxd5
Rhg8 14. g3 c6 15. Rd3 Ke6 16. Rhd1 Rad8 17. Nh4 Bc7 18. Rxd8 Rxd8 19. Rxd8
Bxd8 20. Kd2 Bb6 21. f3 Bg1 22. h3 Bc5 23. Nf5 Bf8 24. g4 Kd7 25. Kd3 Kc7 26.
a4 Kb6 27. Kc4 Ka5 1/2-1/2

[Event "4NCL Division 1 & 2"]
[Site "Daventry, ENG"]
[Date "2022.05.02"]
[Round "9.124"]
[White "Paterson, Andrew I"]
[Black "Jones, Mark A"]
[Result "1/2-1/2"]
[WhiteElo "2147"]
[BlackElo "2112"]
[PlyCount "60"]
[EventDate "2022.05.02"]
[WhiteTeam "Warwickshire Select 1"]
[BlackTeam "Check Inn"]

1. c4 e5 2. Nc3 Bb4 3. g3 Nf6 4. Bg2 O-O 5. e4 Nc6 6. Nge2 d6 7. O-O Bc5 8. h3
Nd7 9. d3 a6 10. Kh2 Nd4 11. Nxd4 Bxd4 12. Ne2 Ba7 13. d4 exd4 14. Nxd4 Nc5 15.
b4 Ne6 16. Nf5 g6 17. Nh6+ Kg7 18. Ng4 Bd4 19. Bh6+ Kg8 20. Bxf8 Qxf8 21. Rb1
h5 22. Ne3 h4 23. Nd5 c6 24. Nf4 Be5 25. Nxe6 hxg3+ 26. fxg3 Bxe6 27. Qd3 Qh6
28. Rf3 Kg7 29. Qf1 Rh8 30. a4 g5 1/2-1/2